00402 a2200145 450000500170000002000180001708200120003510000170004724500450006425000120010926000400012130000530016170000230021470000190023720250618131053.0 a0-02-801025-6 a651 BRO aBROWER, A. W aSystem for Administrative Office Support a4th Ed. aNew YorkbMcGraw-Hill Irwin c1994. axiv, 355p.:ill.; picturesbIndex, Glossaryc27cm aPatricia A. Garner aSandy Thompson